Cambridge international AS and A Level IT Coursebook
Saved in:
| Main Author: | |
|---|---|
| Format: | Book |
| Language: | English |
| Published: |
Cambridge University Press
2016
|
| Tags: |
Add Tag
No Tags, Be the first to tag this record!
|
MARC
| LEADER | 00000nam a22000007a 4500 | ||
|---|---|---|---|
| 008 | 201217b ||||| |||| 00| 0 eng d | ||
| 020 | |a ISBN: 978-1-107-57724-4 | ||
| 100 | |a LONG, Paul. | ||
| 245 | |a Cambridge international AS and A Level IT |b Coursebook |c Paul Long, Sarah Lawrey and Victoria Ellis |g vii, 337p.; ill. | ||
| 260 | |b Cambridge University Press |c 2016 |h New York |i 691325 |i 691326 |l HC79.15 .L85 |m Information technology – Textbooks |m Knowledge management | ||
| 500 | |a “It includes index and CD-ROM”. | ||
| 942 | |a lcc |c BK |e Olagoke,M.A |f 17/12/2020 | ||
| 952 | |0 0 |1 0 |2 lcc |4 0 |6 HC007915 L85 |7 0 |9 690 |a HOL |b TL |c GJ |d 2020-12-17 |l 0 |o HC79.15 .L85 |p 2020-229916 |r 2020-12-17 00:00:00 |w 2020-12-17 |y BK | ||
| 952 | |0 0 |1 0 |2 lcc |4 0 |7 0 |9 691 |a HOL |b HOL |c GJ |d 2020-12-17 |l 0 |r 2020-12-17 00:00:00 |w 2020-12-17 |y BK | ||
| 999 | |c 388 |d 388 | ||